000 00546nam a2200193Ia 4500
005 20250326140531.0
008 250326s9999 xx 000 0 und d
020 _a0-324-01491-0
037 _aTextbook
040 _aFMSL
_beng
_cFMSL
041 _aeng
_2eng
084 _aX:51.1 P0
_qFMSL
100 _aTerpstra V
245 0 _aInternational dimension of marketing
_cTerpstra V; Russow L C
260 _aNY
_bNY, Cincinate South Weston College
_c2000
300 _a211p
942 _cTB
_hX:51.1 P0
999 _c1286195
_d1286195